000 00531nam a2200181Ia 4500
008 230917s9999||||xx |||||||||||||| ||und||
020 _cUSD79.95
040 _e238850
_aMAIN
041 _aEnglish
082 _a658.3 R746M(5)
100 _aRothwell, William J
245 0 _aMastering the instructional design process: A systematic approach
250 _a5th ed.
260 _aHoboken
_bJohn Wiley
_c2016
300 _axxvii, 397 p.
500 _a2669 10/03/2017 APD17/1050970 14/03/2017 IMSAR (Dev. & Research)
942 _cBK
999 _c21943
_d21943